LEADER 01201nam a2200265 i 4500 001 000000034053 003 CaOOAMICUS 005 20090807000000.0 008 090807s1968 it u000 u ita u 013 $a208 040 $aSeMil$bita 100 1 $aChopin, Claude .$0(OLS)http://semarc/name/15522 240 13$aLe Verbe incarné et rédempteur.$0(OLS)http://semarc/title/45842 245 13$aIl verbo incarnato e redentore /$cCl. Chopin ; [versione italiana sulla 2. ed. francese di Marino Tabelloni, sotto la direzione di Enzo Lodi]. 260 $aRoma [etc.] :$bDesclée & C.-Editori Pontifici,$c1968. 300 $aXVI, 194 p. ;$c23 cm. 490 0 $aIl mistero cristiano ;$v. 650 4$aCristologia.$0(OLS)http://semarc/subject/173 700 1 $aTabelloni, Marino.$0(OLS)http://semarc/name/15523 830 3$aIl mistero cristiano ;$v.$0(OLS)http://semarc/title/28972 850 $aSeMil 852 $aSeMil$W1$xVenegono$y1$m2B I 479$j208$B208$CSeMilBibl$Z2$F208 $81 961 $aOmaggio: Donazione 996 $6245$aIl verbo incarnato e redentore$9(OLS)http://semarc/title/45841 996 $6260$aRoma [etc.] :$bDesclée & C.-Editori Pontifici$9(OLS)http://semarc/publisher/35412 LEADER 01365nam a2200265 i 4500 001 000000048523 003 CaOOAMICUS 005 20180725000000.0 008 180725s1957 xx u000 u lat u 013 $a19693 040 $aSeMil$bita 245 10$aFr. Matthaei ab Aquasparta ... Quaestiones disputatae de fide et de cognitione /$ccura PP. Collegii S. Bonaventurae. 250 $a2. Ed. 260 $aQuaracchi, Florentiae :$bEx Typographia Collegii S. Bonaventurae,$c1957. 300 $a20, 482 p. ;$c26 cm. 490 0 $aBibliotheca franciscana scholastica Medii Aevi ;$v1. 650 4$aFede - Teologia fondamentale.$0(OLS)http://semarc/subject/172 650 4$aTeologia - Testi - Sec. 13.$0(OLS)http://semarc/subject/2172 700 1 $aMatteo : d'Acquasparta .$0(OLS)http://semarc/name/90567 710 2 $aCollegio s. Bonaventura .$0(OLS)http://semarc/name/289 830 0$aBibliotheca franciscana scholastica Medii Aevi ;$v1.$0(OLS)http://semarc/title/400182 850 $aSeMil 852 $aSeMil$W1$xVenegono$y1$m2N IV 601$j14678$B14678$CSeMilBibl$Z2$F14678 $81 996 $6245$aFr. Matthaei ab Aquasparta ... Quaestiones disputatae de fide et de cognitione$9(OLS)http://semarc/title/402498 996 $6260$aQuaracchi, Florentiae :$bEx Typographia Collegii S. Bonaventurae$9(OLS)http://semarc/publisher/55527 LEADER 01335nam a2200289 i 4500 001 000000056726 003 CaOOAMICUS 005 20260304140431.0 008 131104s1759 it u000 u ita u 013 $a27898 026 $auiul o.to o.e, LiDe (3) 1759 (R) 040 $aSeMil$bita 100 1 $aSalandri, Pellegrino,$d<1723-1771>.$0(OLS)http://semarc/name/11347 245 10$aLodi a Maria dell'abate Pellegrino Salandri, reggiano, dott. di S.T., ed Accad. Trasformato. 260 $aIn Milano :$bNella Stamperia di Antonio Agnelli,$c1759. 300 $a91, [1] p. ;$c4°. 500 $aSegn.: A-K4 L6 500 $aMarca tip. sul front. 650 4$aMadonna - Preghiere.$0(OLS)http://semarc/subject/6540 650 4$aMaria - Inni.$0(OLS)http://semarc/subject/11471 700 1 $aAgnelli, Antonio$b<1.,$cEditore>.$0(OLS)http://semarc/name/7345 850 $aSeMil 852 $aSeMil$W1$xVenegono$y1$m2L III 182 FA$j22880$B22880$CSeMilBibl$Z2$F22882 $8I 961 $aOmaggio: Biblioteca Seminario Seveso (fino al 1985) 996 $6245$aLodi a Maria dell'abate Pellegrino Salandri, reggiano, dott. di S.T., ed Accad. Trasformato$9(OLS)http://semarc/title/88232 996 $6260$aIn Milano :$bNella Stamperia di Antonio Agnelli$9(OLS)http://semarc/publisher/57406